000 02062nam a2200589 i 4500
001 56064
003 KOSZ 005
005 20210625130946.0
008 080219s2008 pl a f |000 0 pol
015 _aUWD 2008/13496
020 _a9788388999062
035 _a991039800319705066
035 _a(PL-WaBN)b20648340-48omnis_nlop
035 _ab20648340
035 _a(OCoLC)749584898
035 _axx001074239
035 _a(PL)b0000002064834
035 _a(EXLNZ-48OMNIS_NETWORK)9910073858705606
040 _aWA N
_cWA N
_dKOSZ 005/HR
046 _k2008
080 _a349.42(438)
080 _a630.9
080 _a332.3
080 _a502.1
100 1 _aCymerman, Ryszard
_d(1947- )
_eAutor
245 1 0 _aZasady odrolniania i odlesiania gruntów w procesie inwestycyjnym :
_b(procedury, rola rzeczoznawcy majątkowego, zadania do rozwiązania, wnioski, decyzje, akty prawne i wybrane orzeczenia sądów) /
_cRyszard Cymerman, Cezary Kowalczyk, Krystyna Kurowska.
260 _aOlsztyn :
_bEducaterra,
_c2008.
300 _a187 s. :
_bil. ;
_c24 cm.
336 _aTekst
_btxt
_2rdacontent
337 _aBez urządzenia pośredniczącego
_bn
_2rdamedia
338 _aWolumin
_bnc
_2rdacarrier
380 _aKsiążki
380 _aPublikacje fachowe
385 _aRzeczoznawcy majątkowi
388 _a2001-
650 7 _aGrunty rolne
_2DBN
650 7 _aGrunty leśne
650 7 _aUżytkowanie ziemi
650 7 _aInwestycje
650 7 _aWycena nieruchomości
650 7 _aGospodarka leśna
650 7 _aPrawo gospodarki nieruchomościami
651 _aPolska
658 _aGospodarka, ekonomia, finanse
658 _aPrawo i wymiar sprawiedliwości
700 1 _aKowalczyk, Cezary
_eAutor
700 1 _aKurowska, Krystyna.
_eAutor
710 2 _aEducaterra
_4pbl
856 _uhttp://koha.tu.koszalin.pl/cgi-bin/koha/opac-detail.pl?biblionumber=56064
_yKatalog onlinew BPK
942 _2UKD
_cKS
999 _c56064
_d56064